Textbook of Mental Health Nursing for GNM Nursing Students (Record no. 159545)
[ view plain ]
| 000 -LEADER | |
|---|---|
| fixed length control field | 00465nam a2200145Ia 4500 |
| 008 - FIXED-LENGTH DATA ELEMENTS--GENERAL INFORMATION | |
| fixed length control field | 230519s9999 xx 000 0 und d |
| 020 ## - INTERNATIONAL STANDARD BOOK NUMBER | |
| International Standard Book Number | 978-93-92242-06-9 |
| 041 ## - LANGUAGE CODE | |
| Language code of text/sound track or separate title | eng |
| 082 ## - DEWEY DECIMAL CLASSIFICATION NUMBER | |
| Classification number | PS/610.7368/SON/DB0961 |
| 100 ## - MAIN ENTRY--PERSONAL NAME | |
| Personal name | Soni Meenakshi; Sharma Sonia & Toshniwal Varun |
| 9 (RLIN) | 180569 |
| 245 ## - TITLE STATEMENT | |
| Title | Textbook of Mental Health Nursing for GNM Nursing Students |
| 260 ## - PUBLICATION, DISTRIBUTION, ETC. (IMPRINT) | |
| Name of publisher, distributor, etc. | Vision Health Sciences Publishers |
| Place of publication, distribution, etc. | Panjab |
| Date of publication, distribution, etc. | 2021 |
| 300 ## - PHYSICAL DESCRIPTION | |
| Extent | 293p |
| Withdrawn status | Lost status | Damaged status | Not for loan | Collection code | Home library | Current library | Date acquired | Cost, normal purchase price | Bill number | Total Checkouts | Total Renewals | Full call number | Barcode | Date last seen | Date last checked out | Bill Date | Koha item type | Original Barcode |
|---|---|---|---|---|---|---|---|---|---|---|---|---|---|---|---|---|---|---|
| Smt. Bakul Tambat Institute of Nursing Education | Smt. Bakul Tambat Institute of Nursing Education | 16/04/2022 | 390.00 | 55 | 21 | 12 | PS 610.7368 SON DB0961 | BTIN-DB-961 | 16/08/2025 | 07/07/2025 | 16/04/2022 | Donated Book | DB0961 | |||||
| Smt. Bakul Tambat Institute of Nursing Education | Smt. Bakul Tambat Institute of Nursing Education | 30/11/2022 | 390.00 | 55 | 19 | 13 | PS 610.7368 SON DB1058 | BTIN-DB-1058 | 21/11/2025 | 03/11/2025 | 16/04/2022 | Donated Book | DB1058 |